Statistiken für Hauptstädte von US-Bundesstaaten

Klicken Sie hier um das Quiz zu spielen!

Allgemein

  • Dieses Quiz wurde 1.151 mal gespielt
  • Das Durchschnittsergebnis liegt bei 37 aus 50

Antwortstatistiken

BundesstaatHauptstadt% Korrekt
MassachusettsBoston
88%
KalifornienSacramento
88%
HawaiiHonolulu
86%
TexasAustin
85%
GeorgiaAtlanta
84%
ColoradoDenver
84%
ArizonaPhoenix
84%
IndianaIndianapolis
82%
OklahomaOklahoma City
82%
UtahSalt Lake City
82%
AlaskaJuneau
80%
FloridaTallahassee
79%
New YorkAlbany
76%
North DakotaBismarck
76%
KentuckyFrankfort
76%
IllinoisSpringfield
76%
MontanaHelena
75%
LouisianaBaton Rouge
74%
IdahoBoise
74%
OhioColumbus
74%
MississippiJackson
74%
TennesseeNashville
74%
New MexicoSanta Fe
74%
ArkansasLittle Rock
73%
OregonSalem
73%
NebraskaLincoln
72%
WashingtonOlympia
72%
MaineAugusta
71%
AlabamaMontgomery
71%
WyomingCheyenne
70%
IowaDes Moines
70%
NevadaCarson City
69%
MarylandAnnapolis
68%
South CarolinaColumbia
68%
DelawareDover
68%
ConnecticutHartford
68%
South DakotaPierre
68%
North CarolinaRaleigh
68%
VirginiaRichmond
68%
KansasTopeka
68%
West VirginiaCharleston
67%
PennsylvaniaHarrisburg
67%
MichiganLansing
67%
WisconsinMadison
66%
Rhode IslandProvidence
66%
MinnesotaSaint Paul
66%
MissouriJefferson City
64%
VermontMontpelier
64%
New JerseyTrenton
64%
New HampshireConcord
62%

Verteilung der Resultate

Perzentil nach korrekt beantworteten Fragen

Anzahl Personen mit jedem Resultat

Ihre Resultats-Entwicklung

Sie haben dieses Quiz noch nicht gespielt